| 000 | 00660nam a2200253 a 4500 | ||
|---|---|---|---|
| 999 |
_c8995 _d8995 |
||
| 001 | 8995 | ||
| 003 | BD-JhCC | ||
| 005 | 20180306163751.0 | ||
| 008 | 180306s1975 nyua b 001 0 eng | ||
| 020 | _a0070413401 | ||
| 035 | _a(BD-JhCC)8995 | ||
| 040 |
_aBD-JhCC _cBD-JhCC |
||
| 041 | _aBE | ||
| 082 |
_a531.32 _bMEI 1975 |
||
| 092 | _aD0500688256 | ||
| 092 | _a10638148 | ||
| 100 | 1 | _aMeirovitch, Leonard. | |
| 245 | 1 | 0 |
_aElements of vibration analysis / _cLeonard Meirovitch. |
| 260 |
_aNew York ; _aLondon : _bMcGraw-Hill, _c1975. |
||
| 300 |
_axv, 495 p. : _bill. ; _c24 cm. |
||
| 500 | _aIncludes index. | ||
| 650 | 0 | _aVibration. | |
| 942 |
_2ddc _cBK |
||